=LDR 00000nam 2200000 4500 =001 INLIS000000000000079 =005 20150114085553.0 =006 =007 =008 Ind =035 ##$$0010-061300000000079 =041 ##$$a Ind =082 ##$$a 910.134 209 598 =090 ##$$a 910.134 209 598 Mar h =100 ##$$a Marpaung, Happy =245 ##$$a Himpunan peraturan pariwisata Indonesia, Happy Marpaung =260 ##$$aBandung$bTonis$c1994 =300 ##$$a 436 hlm. ; 21 cm =650 ##$$a Geografi,Peraturan =650 ##$$a Indonesia =850 ##$$a NBPDMAT